Didáctica de la música
Kaydedildi:
| Yazar: | |
|---|---|
| Materyal Türü: | Kitap |
| Dil: | İspanyolca |
| Baskı/Yayın Bilgisi: |
Buenos Aires
Kapelusz
1974
|
| Seri Bilgileri: | Biblioteca de Cultura Pedagógica, 79
|
| Konular: | |
| Etiketler: |
Etiketle
Etiket eklenmemiş, İlk siz ekleyin!
|
MARC
| LEADER | 00000nam a2200000 a 4500 | ||
|---|---|---|---|
| 001 | UCN1647 | ||
| 003 | CL-VaPUC | ||
| 008 | 010427e19740000AG |||||||||||||||||spa|d | ||
| 082 | 0 | 4 | |a 372.87 |b GON |2 21 |
| 100 | |a González, María Elena |e author |9 456887 | ||
| 245 | 1 | 0 | |a Didáctica de la música |
| 300 | |a 149 p | ||
| 942 | |c BK | ||
| 945 | |d 20010427 00:00:00 |a crobeson | ||
| 260 | |a Buenos Aires |b Kapelusz |c 1974 | ||
| 650 | 0 | |a Música infantil |9 309324 | |
| 650 | 0 | |a Música |x Enseñanza |9 306653 | |
| 583 | |a last modification |c 20010427 00:00:00 |k Rodrigo Vera | ||
| 490 | 0 | |a Biblioteca de Cultura Pedagógica, 79 | |
| 999 | |c 294898 |d 294896 | ||
| 952 | |0 0 |1 0 |4 0 |6 372_870000000000000_GON_1974 |7 0 |8 A |9 347647 |a BIBEDU |b BIBEDU |d 2019-11-20 |i 2707519 |l 3 |o 372.87 GON 1974 |p 2707519 |r 2023-01-12 |s 2022-05-31 |w 2019-11-20 |y BK |k MUS | ||